[Event "TUR Cup"]
[Site "Antalya"]
[Date "2017.02.02"]
[Round "8"]
[White "Aksakal, Boran"]
[Black "Akdagli, Gokhan"]
[Result "1/2-1/2"]
[WhiteElo "1573"]
[BlackElo "1788"]
[PlyCount "71"]
[EventDate "2017.01.28"]
[EventType "swiss"]
[EventRounds "11"]
[EventCountry "TUR"]
[SourceTitle "CBM 176 Extra"]
[Source "ChessBase"]
[SourceDate "2017.03.02"]
[SourceVersion "1"]
[SourceVersionDate "2017.03.02"]
[SourceQuality "1"]

1. e4 e6 2. d4 d5 3. Nc3 dxe4 4. Nxe4 Nd7 5. Nf3 Ngf6 6. Bg5 Be7 7. Nxf6+ Nxf6 8. Bd3 0-0 9. 0-0 h6 10. Bd2 b6 11. Qe2 Bb7 12. Rfe1 Bxf3 13. gxf3 Qxd4 14. Bc3 Qh4 15. Be5 Bd6 16. Bg3 Bxg3 17. hxg3 Qb4 18. c3 Qc5 19. Qc2 Rad8 20. Rad1 Rd6 21. Qa4 Rfd8 22. Bb1 Rxd1 23. Rxd1 Rxd1+ 24. Qxd1 Qd5 25. Qe2 a5 26. Kg2 g6 27. a3 Kg7 28. Bd3 Qd6 29. Bc2 Nd7 30. b4 axb4 31. cxb4 Nf6 32. Qc4 c5 33. bxc5 Qxc5 34. Qxc5 bxc5 35. a4 Ne8 36. a5 1/2-1/2

[Event "TUR Cup"]
[Site "Antalya"]
[Date "2017.02.01"]
[Round "7"]
[White "Baylav, Can"]
[Black "Aksakal, Boran"]
[Result "0-1"]
[WhiteElo "1967"]
[BlackElo "1573"]
[PlyCount "74"]
[EventDate "2017.01.28"]
[EventType "swiss"]
[EventRounds "11"]
[EventCountry "TUR"]
[SourceTitle "CBM 176 Extra"]
[Source "ChessBase"]
[SourceDate "2017.03.02"]
[SourceVersion "1"]
[SourceVersionDate "2017.03.02"]
[SourceQuality "1"]

1. d4 Nf6 2. Bg5 Ne4 3. Bf4 d5 4. Nf3 Bf5 5. e3 e6 6. Bd3 Be7 7. 0-0 g5 8. Be5 Rg8 9. Ne1 g4 10. c4 Nd7 11. Bf4 Ndf6 12. Nc3 Nh5 13. Bg3 Nhxg3 14. hxg3 h5 15. cxd5 Nxc3 16. bxc3 Bxd3 17. Qxd3 Qxd5 18. e4 Qg5 19. Rb1 0-0-0 20. Rb5 Qh6 21. Nc2 h4 22. Ra5 h3 23. f4 hxg2 24. Kxg2 Rh8 25. Kf2 Qh2+ 26. Ke1 Rh3 27. Rxa7 Kb8 28. Ra5 Rxg3 29. Ne3 Qh3 30. Ke2 Rh8 31. Rb5 Rf3 32. Rfb1 Qh2+ 33. Kd1 Qg1+ 34. Kc2 Rh2+ 35. Kb3 Qxe3 36. Qc4 Qe2 37. Qxe2 Rxe2 0-1

[Event "TUR Cup"]
[Site "Antalya"]
[Date "2017.01.31"]
[Round "5"]
[White "Canbulan, Arda"]
[Black "Aksakal, Boran"]
[Result "1/2-1/2"]
[WhiteElo "1889"]
[BlackElo "1573"]
[PlyCount "22"]
[EventDate "2017.01.28"]
[EventType "swiss"]
[EventRounds "11"]
[EventCountry "TUR"]
[SourceTitle "CBM 176 Extra"]
[Source "ChessBase"]
[SourceDate "2017.03.02"]
[SourceVersion "1"]
[SourceVersionDate "2017.03.02"]
[SourceQuality "1"]

1. e4 c6 2. Ne2 d5 3. e5 c5 4. d4 Nc6 5. c3 Bf5 6. dxc5 Nxe5 7. Nd4 Bd7 8. Qh5 Nc6 9. Qxd5 Nf6 10. Nxc6 Qc7 11. Qc4 Qxc6 1/2-1/2

[Event "TUR Cup"]
[Site "Antalya"]
[Date "2017.01.29"]
[Round "3"]
[White "Onem, Cem"]
[Black "Aksakal, Boran"]
[Result "1-0"]
[WhiteElo "1823"]
[BlackElo "1573"]
[PlyCount "163"]
[EventDate "2017.01.28"]
[EventType "swiss"]
[EventRounds "11"]
[EventCountry "TUR"]
[SourceTitle "CBM 176 Extra"]
[Source "ChessBase"]
[SourceDate "2017.03.02"]
[SourceVersion "1"]
[SourceVersionDate "2017.03.02"]
[SourceQuality "1"]

1. d4 Nf6 2. c4 g6 3. Nc3 Bg7 4. e4 d6 5. f3 0-0 6. Be3 c6 7. Nge2 e5 8. Qd2 a6 9. 0-0-0 Qa5 10. dxe5 dxe5 11. Kb1 b5 12. Nc1 Be6 13. Nb3 Qc7 14. Bc5 Re8 15. Bd6 Qa7 16. Nc5 Bxc4 17. Bxc4 bxc4 18. Qe2 Nbd7 19. Nxd7 Nxd7 20. Qxc4 Qb6 21. Ba3 Rad8 22. Rd6 Nb8 23. Bc5 Qc7 24. Rhd1 Bf8 25. Rxd8 Rxd8 26. Rxd8 Qxd8 27. Ba7 Bh6 28. Bxb8 Qxb8 29. Qxc6 Qd8 30. Nd5 Qg5 31. Nf6+ Kg7 32. Ng4 Qd8 33. Qd5 Qg5 34. Qxe5+ Qxe5 35. Nxe5 Bf4 36. Nd3 Bxh2 37. b4 Bg1 38. Kc2 Kf6 39. f4 g5 40. fxg5+ Kxg5 41. Kd2 Bb6 42. Ke2 f5 43. exf5 Kxf5 44. Kf3 h6 45. g4+ Ke6 46. Ke4 Kd6 47. Nc5 Kc6 48. Na4 Bd8 49. Nc3 Be7 50. Nd5 Bf8 51. a4 Bd6 52. Kd4 Bf8 53. Kc4 Bd6 54. b5+ axb5+ 55. axb5+ Kb7 56. Kd4 Ba3 57. Kc4 Bf8 58. Kb3 Bd6 59. Ka4 Bf8 60. Ka5 Bc5 61. Nf6 Bd4 62. Ne4 Be3 63. Nd6+ Kc7 64. Nc4 Bf2 65. Kb4 Bd4 66. Kb3 Bf6 67. Kc2 Bg5 68. Kd3 Bf4 69. Ke4 Bg5 70. Kd5 Be7 71. b6+ Kb7 72. Nd6+ Kb8 73. Kc6 Bg5 74. Ne4 Bf4 75. b7 Bh2 76. Nc5 Bg3 77. Nd7+ Ka7 78. b8Q+ Bxb8 79. Nxb8 Kxb8 80. Kd7 Kb7 81. Ke6 Kc7 82. Kf7 1-0

[Event "TUR Cup"]
[Site "Antalya"]
[Date "2017.01.28"]
[Round "1"]
[White "Ozalp, Burak"]
[Black "Aksakal, Boran"]
[Result "1-0"]
[WhiteElo "2123"]
[BlackElo "1573"]
[PlyCount "53"]
[EventDate "2017.01.28"]
[EventType "swiss"]
[EventRounds "11"]
[EventCountry "TUR"]
[SourceTitle "CBM 176 Extra"]
[Source "ChessBase"]
[SourceDate "2017.03.02"]
[SourceVersion "1"]
[SourceVersionDate "2017.03.02"]
[SourceQuality "1"]

1. d4 Nf6 2. Nc3 d5 3. Bg5 Nbd7 4. f3 h6 5. Bh4 g5 6. Bg3 c6 7. e4 Bg7 8. Qd2 a6 9. Bd3 b5 10. Nge2 Nb6 11. e5 Nh7 12. b3 Bd7 13. f4 Rc8 14. Bf2 e6 15. Be3 Bf8 16. 0-0 g4 17. Ng3 h5 18. f5 Bb4 19. a3 Bxc3 20. Qxc3 Ng5 21. Qd2 Ne4 22. Bxe4 h4 23. fxe6 Bxe6 24. Bg5 Qd7 25. Nf5 dxe4 26. Nd6+ Kf8 27. Bh6+ 1-0

[Event "TUR-chT2"]
[Site "Konya"]
[Date "2016.07.21"]
[Round "7.1"]
[White "Bayyurt, Izge"]
[Black "Aksakal, Boran"]
[Result "1-0"]
[WhiteElo "1804"]
[BlackElo "1707"]
[PlyCount "71"]
[EventDate "2016.07.17"]
[EventType "team-swiss"]
[EventRounds "9"]
[EventCountry "TUR"]
[SourceTitle "CBM 173 Extra"]
[Source "ChessBase"]
[SourceDate "2016.08.29"]
[SourceVersion "1"]
[SourceVersionDate "2016.08.29"]
[SourceQuality "1"]
[WhiteTeam "Canakkale Gokceada"]
[BlackTeam "Bitlis Tatvan Egitimi"]
[WhiteTeamCountry "TUR"]
[BlackTeamCountry "TUR"]

1. d4 Nf6 2. c4 d6 3. Nf3 g6 4. g3 Bg7 5. Bg2 0-0 6. 0-0 Nfd7 7. Nc3 e5 8. Bg5 f6 9. Be3 Nc6 10. a3 Re8 11. Qc2 Nb6 12. b4 Nxc4 13. Qb3 Be6 14. d5 Nxe3 15. dxe6 Qe7 16. fxe3 e4 17. Nd4 Nxd4 18. exd4 f5 19. e3 Qxe6 20. Qxe6+ Rxe6 21. Nd5 Rc8 22. Rac1 c6 23. Rf2 Rf8 24. Nf4 Ref6 25. Bf1 Bh6 26. b5 d5 27. bxc6 bxc6 28. Rfc2 g5 29. Nh5 Rg6 30. Rxc6 f4 31. exf4 e3 32. f5 Rxf5 33. Bd3 Rxc6 34. Rxc6 e2 35. Bxe2 Bf8 36. Bg4 1-0

[Event "TUR-chT2"]
[Site "Konya"]
[Date "2016.07.19"]
[Round "5.6"]
[White "Aksakal, Boran"]
[Black "Dogan, Mire Deniz"]
[Result "0-1"]
[WhiteElo "1707"]
[BlackElo "2042"]
[PlyCount "82"]
[EventDate "2016.07.17"]
[EventType "team-swiss"]
[EventRounds "9"]
[EventCountry "TUR"]
[SourceTitle "CBM 173 Extra"]
[Source "ChessBase"]
[SourceDate "2016.08.29"]
[SourceVersion "1"]
[SourceVersionDate "2016.08.29"]
[SourceQuality "1"]
[WhiteTeam "Bitlis Tatvan Egitimi"]
[BlackTeam "Aydin Egitim Merkezi"]
[WhiteTeamCountry "TUR"]
[BlackTeamCountry "TUR"]

1. e4 c5 2. Nf3 d6 3. d4 cxd4 4. Nxd4 Nf6 5. Nc3 a6 6. Bg5 e6 7. f4 Be7 8. Qf3 Qc7 9. 0-0-0 Nbd7 10. g4 Rb8 11. Kb1 b5 12. h4 b4 13. Nce2 Bb7 14. Ng3 Rc8 15. Bd3 Qb6 16. Nde2 a5 17. Bxf6 Nxf6 18. g5 Nd7 19. h5 h6 20. Qg4 Bf8 21. Rhf1 hxg5 22. Qxg5 a4 23. b3 axb3 24. cxb3 Rc5 25. f5 Nf6 26. Rc1 Ra5 27. Rh1 Rh6 28. Rc2 Be7 29. Qxg7 Rh7 30. Qg5 Kf8 31. Qd2 exf5 32. Rf1 fxe4 33. Nf4 exd3 34. Qxd3 Re5 35. Rfc1 Re3 36. Rc8+ Bxc8 37. Rxc8+ Bd8 38. Rxd8+ Ne8 39. Qxh7 Re1+ 40. Kc2 Qc5+ 41. Kd3 Qc3# 0-1

[Event "TUR-chT2"]
[Site "Konya"]
[Date "2016.07.19"]
[Round "4.4"]
[White "Zor, Alber Kadir"]
[Black "Aksakal, Boran"]
[Result "1-0"]
[WhiteElo "2080"]
[BlackElo "1707"]
[PlyCount "109"]
[EventDate "2016.07.17"]
[EventType "team-swiss"]
[EventRounds "9"]
[EventCountry "TUR"]
[SourceTitle "CBM 173 Extra"]
[Source "ChessBase"]
[SourceDate "2016.08.29"]
[SourceVersion "1"]
[SourceVersionDate "2016.08.29"]
[SourceQuality "1"]
[WhiteTeam "Burdur Callica"]
[BlackTeam "Bitlis Tatvan Egitimi"]
[WhiteTeamCountry "TUR"]
[BlackTeamCountry "TUR"]

1. d4 Nf6 2. Nf3 g6 3. c4 Bg7 4. Nc3 d6 5. e4 0-0 6. Be2 e5 7. d5 Nbd7 8. Be3 Nc5 9. Nd2 a5 10. a3 Nfd7 11. b4 axb4 12. axb4 Rxa1 13. Qxa1 Na6 14. Qa3 f5 15. h4 Bf6 16. Bh6 Rf7 17. exf5 gxf5 18. g4 Nf8 19. gxf5 Bxf5 20. h5 Bg7 21. Be3 Kh8 22. Nce4 h6 23. Bd3 Qd7 24. b5 Nc5 25. Bxc5 dxc5 26. Qxc5 Qd8 27. Qe3 Qa8 28. Ke2 Qa2 29. Rg1 Nh7 30. Nc3 Bxd3+ 31. Qxd3 Qb2 32. Nce4 Nf6 33. Nxf6 Rxf6 34. Qg3 Rf7 35. Qg6 Re7 36. b6 Qxb6 37. Qxb6 cxb6 38. Rb1 Bf8 39. Rxb6 Rc7 40. Kd3 Kg7 41. Ne4 Kf7 42. Nd6+ Ke7 43. Nf5+ Kd8 44. Nxh6 Rh7 45. Ng4 Rxh5 46. Rxb7 Rh4 47. Nxe5 Kc8 48. Rf7 Bc5 49. f4 Rh3+ 50. Ke4 Kd8 51. Kf5 Ke8 52. Ke6 Re3 53. Rc7 Bb6 54. Rc8+ Bd8 55. d6 1-0

[Event "TUR-chT2"]
[Site "Konya"]
[Date "2014.06.29"]
[Round "9.1"]
[White "Aksakal, Boran"]
[Black "Yilmaz, Ada"]
[Result "1-0"]
[WhiteElo "1622"]
[BlackElo "1818"]
[PlyCount "135"]
[EventDate "2014.06.23"]
[EventType "team-swiss"]
[EventRounds "9"]
[EventCountry "TUR"]
[SourceTitle "CBM 161 Extra"]
[Source "ChessBase"]
[SourceDate "2014.08.29"]
[SourceVersion "1"]
[SourceVersionDate "2014.08.29"]
[SourceQuality "1"]
[WhiteTeam "Kayseri Seker"]
[BlackTeam "Bursa"]
[WhiteTeamCountry "TUR"]
[BlackTeamCountry "TUR"]

1. e4 c5 2. Nf3 d6 3. d4 cxd4 4. Nxd4 Nf6 5. Nc3 a6 6. Bg5 e6 7. f4 Be7 8. Qf3 0-0 9. 0-0-0 Qc7 10. g4 Nbd7 11. h4 b5 12. Bd3 Bb7 13. Bxf6 Bxf6 14. Nce2 Qb6 15. Nb3 a5 16. g5 Be7 17. Qh5 Nc5 18. Nxc5 Qxc5 19. Rh3 b4 20. e5 g6 21. Qg4 dxe5 22. h5 e4 23. Bb5 Bd5 24. Qh4 Rac8 25. Nd4 Bxg5 26. fxg5 Rc7 27. Qf4 Bxa2 28. Qf6 Rfc8 29. Rh2 gxh5 30. Ba4 e3 31. Qf3 Qe5 32. Qxh5 Qg7 33. Rg1 Qxd4 34. Qxh7+ Kf8 35. g6 e2 36. Qh8+ Qxh8 37. Rxh8+ Kg7 38. Rh7+ Kf6 39. gxf7 Rxf7 40. Rxf7+ Kxf7 41. b3 Rd8 42. Re1 Rd1+ 43. Rxd1 exd1Q+ 44. Kxd1 Kf6 45. Kc1 Ke5 46. Kb2 Bxb3 47. Kxb3 Kd4 48. Bb5 Kc5 49. Bd3 Kd4 50. Bg6 e5 51. Ka4 Kc3 52. Bf5 Kc4 53. Bg6 Kc3 54. Bh7 Kc4 55. Kxa5 b3 56. Bg8+ Kc3 57. cxb3 e4 58. Bc4 e3 59. Ka4 Kd4 60. Bf1 Kc5 61. b4+ Kb6 62. b5 Kb7 63. Ka5 Ka7 64. Be2 Kb7 65. b6 Kb8 66. Ka6 Ka8 67. Bf3+ Kb8 68. b7 1-0

[Event "TUR-chT2"]
[Site "Konya"]
[Date "2014.06.26"]
[Round "5.1"]
[White "Aksakal, Boran"]
[Black "Gundogan, Cem"]
[Result "0-1"]
[WhiteElo "1622"]
[BlackElo "2054"]
[PlyCount "72"]
[EventDate "2014.06.23"]
[EventType "team-swiss"]
[EventRounds "9"]
[EventCountry "TUR"]
[SourceTitle "CBM 161 Extra"]
[Source "ChessBase"]
[SourceDate "2014.08.29"]
[SourceVersion "1"]
[SourceVersionDate "2014.08.29"]
[SourceQuality "1"]
[WhiteTeam "Kayseri Seker"]
[BlackTeam "Kocaeli"]
[WhiteTeamCountry "TUR"]
[BlackTeamCountry "TUR"]

1. e4 c5 2. Nf3 e6 3. d3 Nc6 4. g3 g6 5. Bg2 Bg7 6. 0-0 d6 7. c3 Nge7 8. Re1 0-0 9. Bf4 e5 10. Be3 h6 11. d4 b6 12. dxe5 dxe5 13. Na3 Be6 14. Qa4 a6 15. Rad1 Qc7 16. Qc2 c4 17. Nd2 b5 18. f4 Kh7 19. Nf3 f5 20. fxe5 b4 21. Nb1 b3 22. axb3 cxb3 23. Qc1 fxe4 24. Nd4 Bg4 25. Rd2 Qxe5 26. Bf4 Qc5 27. Bxe4 Nd5 28. Kh1 Nxf4 29. gxf4 Nxd4 30. cxd4 Qxc1 31. Rxc1 Rad8 32. Rc6 Rxf4 33. Bxg6+ Kh8 34. Rxa6 Bf3+ 35. Kg1 Bxd4+ 36. Kf1 Bb7+ 0-1

[Event "TUR-chT2"]
[Site "Konya"]
[Date "2014.06.25"]
[Round "4.2"]
[White "Aksakal, Boran"]
[Black "Komut, Kaan"]
[Result "1-0"]
[WhiteElo "1622"]
[BlackElo "1945"]
[PlyCount "85"]
[EventDate "2014.06.23"]
[EventType "team-swiss"]
[EventRounds "9"]
[EventCountry "TUR"]
[SourceTitle "CBM 161 Extra"]
[Source "ChessBase"]
[SourceDate "2014.08.29"]
[SourceVersion "1"]
[SourceVersionDate "2014.08.29"]
[SourceQuality "1"]
[WhiteTeam "Kayseri Seker"]
[BlackTeam "Deniz Pamukkale"]
[WhiteTeamCountry "TUR"]
[BlackTeamCountry "TUR"]

1. Nf3 d5 2. g3 g6 3. Bg2 Bg7 4. 0-0 Nf6 5. d3 0-0 6. Nbd2 c6 7. Re1 Qc7 8. e4 dxe4 9. dxe4 Nbd7 10. c3 Rd8 11. Qc2 e5 12. Nb3 Nf8 13. Be3 b6 14. a4 Ba6 15. Rad1 Ne6 16. Ng5 Nf8 17. f4 Ng4 18. Bc1 b5 19. Nc5 h6 20. Nf3 Ne6 21. Rxd8+ Rxd8 22. Nxe6 Qb6+ 23. Kh1 fxe6 24. h3 Nf2+ 25. Kh2 Nd3 26. Rd1 Nxc1 27. Qxc1 bxa4 28. Nxe5 Bxe5 29. fxe5 Kg7 30. Rd6 Bc4 31. Qf4 Rxd6 32. Qf6+ Kg8 33. Qxg6+ Kf8 34. Qxh6+ Ke8 35. Qh8+ Kd7 36. Qg7+ Kc8 37. exd6 e5 38. h4 Be6 39. Qe7 Bd7 40. h5 Qxb2 41. h6 Qe2 42. h7 Qh5+ 43. Qh4 1-0

[Event "TUR-chT2"]
[Site "Konya"]
[Date "2014.06.24"]
[Round "2.7"]
[White "Aksakal, Boran"]
[Black "Gulsoy, Mustafa Alpago"]
[Result "1-0"]
[WhiteElo "1622"]
[BlackElo "1798"]
[PlyCount "80"]
[EventDate "2014.06.23"]
[EventType "team-swiss"]
[EventRounds "9"]
[EventCountry "TUR"]
[SourceTitle "CBM 161 Extra"]
[Source "ChessBase"]
[SourceDate "2014.08.29"]
[SourceVersion "1"]
[SourceVersionDate "2014.08.29"]
[SourceQuality "1"]
[WhiteTeam "Kayseri Seker"]
[BlackTeam "Tasduvar"]
[WhiteTeamCountry "TUR"]
[BlackTeamCountry "TUR"]

1. e4 d6 2. d4 g6 3. Nf3 Bg7 4. Nc3 Nc6 5. h3 e5 6. Bb5 Bd7 7. Bg5 f6 8. Be3 Nge7 9. a3 0-0 10. Qd2 exd4 11. Bxd4 f5 12. Bc4+ Kh8 13. Bxg7+ Kxg7 14. h4 Qc8 15. h5 f4 16. 0-0-0 Bg4 17. hxg6 Nxg6 18. Nd5 Nce5 19. Qc3 Qd7 20. Rh2 h5 21. Rdh1 c6 22. Nb4 Bxf3 23. gxf3 h4 24. Nd3 Kf6 25. Nxe5 dxe5 26. Rd1 Qe7 27. Rg1 Rh8 28. Rhg2 Rh6 29. Rg5 Qd6 30. Rf5+ Ke7 31. Rf7+ Ke8 32. Rd1 Qxd1+ 33. Kxd1 h3 34. Qe1 h2 35. Qh1 Rd8+ 36. Ke2 Rd7 37. Rxd7 Kxd7 38. Kd1 Nf8 39. Bf1 Nh7 40. Bg2 Ng5 1-0

[Event "TUR-chT2"]
[Site "Konya"]
[Date "2014.06.24"]
[Round "3.3"]
[White "Oz, Ozan"]
[Black "Aksakal, Boran"]
[Result "1-0"]
[WhiteElo "1793"]
[BlackElo "1622"]
[PlyCount "107"]
[EventDate "2014.06.23"]
[EventType "team-swiss"]
[EventRounds "9"]
[EventCountry "TUR"]
[SourceTitle "CBM 161 Extra"]
[Source "ChessBase"]
[SourceDate "2014.08.29"]
[SourceVersion "1"]
[SourceVersionDate "2014.08.29"]
[SourceQuality "1"]
[WhiteTeam "Karaman Saglik"]
[BlackTeam "Kayseri Seker"]
[WhiteTeamCountry "TUR"]
[BlackTeamCountry "TUR"]

1. f4 d5 2. Nf3 Nf6 3. b3 g6 4. Bb2 Bg7 5. e3 Bf5 6. Bd3 Bxd3 7. cxd3 0-0 8. d4 Nbd7 9. Nc3 c5 10. Ne2 Ne4 11. d3 Qa5+ 12. Kf1 Nef6 13. h3 Rfe8 14. g4 Rac8 15. Rg1 b5 16. Bc3 Qb6 17. Ne5 Nxe5 18. dxe5 Nd7 19. h4 c4 20. Bd4 Qb7 21. Ng3 Nc5 22. Bxc5 Rxc5 23. b4 Rc7 24. Ne2 Rec8 25. d4 c3 26. Qc2 Qc6 27. Nc1 Qc4+ 28. Nd3 Ra8 29. a4 Rb7 30. a5 e6 31. Kf2 Bf8 32. Rab1 Rc7 33. Kf3 Rd8 34. f5 Be7 35. f6 Bf8 36. g5 Rdd7 37. Rg4 a6 38. Rf4 Rc8 39. Rg4 Rcc7 40. Kf2 Rc8 41. Kf3 Rcc7 42. h5 Rc8 43. Rh4 Rcc7 44. Rh3 Rc8 45. Rh2 Rcc7 46. Rh3 Rb7 47. Rb3 Rbc7 48. Rb1 Rc8 49. Nf4 Qc6 50. hxg6 fxg6 51. Nxg6 hxg6 52. Qxg6+ Bg7 53. Rbh1 Kf8 54. Rh8+ 1-0